Translating life studies in transpositional aesthetics /
Saved in:
| Corporate Author: | |
|---|---|
| Other Authors: | , |
| Format: | Electronic eBook |
| Language: | English |
| Published: |
Liverpool :
Liverpool University Press,
1999.
|
| Series: | Liverpool English texts and studies ;
33. |
| Subjects: | |
| Online Access: | An electronic book accessible through the World Wide Web; click to view |
| Tags: |
No Tags, Be the first to tag this record!
|
MARC
| LEADER | 00000nam a2200000Ia 4500 | ||
|---|---|---|---|
| 001 | 0000118163 | ||
| 005 | 20171002060300.0 | ||
| 006 | m u | ||
| 007 | cr cn||||||||| | ||
| 008 | 000214s1999 enka s 000 0 eng d | ||
| 020 | |z 9780853236740 | ||
| 020 | |z 0853236747 | ||
| 020 | |z 0853236844 | ||
| 035 | |a (CaPaEBR)ebr10369554 | ||
| 035 | |a (OCoLC)276175610 | ||
| 040 | |a CaPaEBR |c CaPaEBR | ||
| 050 | 1 | 4 | |a P99 |b .T736 1999eb |
| 245 | 0 | 0 | |a Translating life |h [electronic resource] : |b studies in transpositional aesthetics / |c edited by Shirley Chew & Alistair Stead. |
| 260 | |a Liverpool : |b Liverpool University Press, |c 1999. | ||
| 300 | |a viii, 421 p., [4] p. : |b ill. | ||
| 490 | 1 | |a Liverpool English texts and studies ; |v 33 | |
| 533 | |a Electronic reproduction. |b Palo Alto, Calif. : |c ebrary, |d 2011. |n Available via World Wide Web. |n Access may be limited to ebrary affiliated libraries. | ||
| 650 | 0 | |a Semiotics. | |
| 650 | 0 | |a Translations |x Philosophy. | |
| 650 | 0 | |a Literature |x Translations |x History and criticism. | |
| 655 | 7 | |a Electronic books. |2 local | |
| 700 | 1 | |a Chew, Shirley. | |
| 700 | 1 | |a Stead, Alistair. | |
| 710 | 2 | |a ebrary, Inc. | |
| 830 | 0 | |a Liverpool English texts and studies ; |v 33. | |
| 856 | 4 | 0 | |u http://site.ebrary.com/lib/daystar/Doc?id=10369554 |z An electronic book accessible through the World Wide Web; click to view |
| 908 | |a 170314 | ||
| 942 | 0 | 0 | |c EB |
| 999 | |c 107313 |d 107313 | ||